Judicial misconduct

Bibliographic Details
Main Author: WILLIAMS
Format: Book
Published: Petaling Jaya, Selangor : Pelanduk Pub. , 1990
Subjects:

MARC

LEADER 00000cam a2200000 7i4500
001 0000000637
005 20000914.0
020 0 0 |a 9679783219 
090 0 0 |a 347.595014   |b WIL 1990 
100 1 0 |a WILLIAMS   |h Peter Alderidge 
245 1 0 |a Judicial misconduct   |c Peter Alderidge Williams 
260 0 0 |a Petaling Jaya, Selangor :   |b Pelanduk Pub. ,   |c 1990 
300 |a 272 p. ;   |c 22 cm. 
500 0 0 |a Includes index 
650 0 0 |a Disqualification of judges   |z Malaysia 
650 0 0 |a Judicial ethics   |z Malaysia 
650 0 0 |a Political questions and judicial power 
999 |a 0000000066   |b Monograph   |c Open Shelf   |e Default branch